Statistics for Metro line terminus of European Capitals

Click here to take the quiz!

General Stats

  • This quiz has been taken 3 times
  • The average score is 78 of 309

Answer Stats

Capital cityLineAnswer% Correct
Waterloo and CityWaterloo
100%
U6Alt-Tegel
67%
(yellow branch)Asnières - Gennevillers - Les Courtilles
67%
Bagneux - Lucie Aubrac
67%
M8Balard
67%
M5Bobigny - Pablo Picasso
67%
M10Boulogne - Pont de Saint-Cloud
67%
M6Charles de Gaulle - Étoile
67%
Château de Vincennes
67%
M11Châtelet - Avenue Victoria
67%
M13Châtillon-Montrouge
67%
Créteil - Pointe du Lac
67%
Gallieni
67%
Gambetta
67%
Gare d'Austerlitz
67%
Circle | Hammersmith and CityHammersmith
67%
U5Hauptbahnhof
67%
U3Krumme Lanke
67%
M7La Courneuve - 8 Mai 1945
67%
ParisM1La Défense
67%
M7bisLouis Blanc
67%
M12Mairie d'Aubervilliers
67%
Mairie de Montreuil
67%
M14Mairie de Saint-Ouen
67%
Mairie des Lilas
67%
Mairie d'Issy
67%
(yellow branch)Mairie d'Ivry
67%
Nation
67%
U4Nollendorfplatz
67%
Olympiades
67%
Pankow
67%
Place d'Italie
67%
M3Pont de Levallois
67%
M9Pont de Sèvres
67%
M2Porte Dauphine
67%
M4Porte de Clignancourt
67%
M3bisPorte des Lilas
67%
Pré Saint-Gervais
67%
(blue branch)Saint-Denis - Université
67%
BerlinU1Uhlandstraße
67%
(blue branch)Villejuif - Louis Aragon
67%
Warschauer Straße
67%
(southeastern branch)Abbey Wood
33%
Kiev/KyïvM1
(Svyatochins'ko-Brovarska)
Академмістечко/Akademmistechko
33%
(eastern terminus)Aldgate
33%
Alt-Mariendorf
33%
(western branch - 2)Amersham
33%
Branch M1AAtatürk Havalimanı/
Atatürk Airport/
Atatürk International
33%
Bahariye
33%
Docklands Light Railway
(western branch - 1)
Bank
33%
Barking
33%
(southwestern branch)Battersea Power Station
33%
M2Bemowo
33%
Boğaziçi Üniversitesi Hisarüstü/
Bosphorus University
33%
Brixton
33%
Bródno
33%
Centraal Station
33%
Černý Most
33%
Metropolitan
(western branch - 1)
Chesham
33%
(eastern terminus)Cockfosters
33%
M2Déli pályaudvar/
Southern Station
33%
Αεροδρόμιο/
Aerodromio/
Athens Airport
33%
12
(Butovskaya)
Битцевский Парк/
Bittsevsky Park/
Bittsevski Park/
Bitsevski Park/
33%
Moscow1
(Sokolnicheskaya)
Бульвар Рокоссовского/
Bulvar Rokossovskogo/
Rossovskogo Boulevard
33%
Γραμμη 3Δημοτικµό Θέατρο/
Dimotiko Theatro/
Municipal Theatre
33%
Магілёўская/
Mahilioŭskaja/
Mahiliowskaya
33%
15
(Nekrasovskaya)
Электрозаводская/
Elektrozavodskaya/
33%
3
(Zelenaluzhskaya)
Юбілейная Плошча/
Jubiliejnaja Plošča/
Yubileynaya Ploshcha/
Jubilee Square
33%
AthènesΓραμμη 1Κηφισιά/
Kifisia/
Kifissia/
Kiphisia
33%
Некрасовка/
Nekrasovka/
Nekrassovka
33%
Πειραιας/
Peiraias/
Piraeus/
Piraeus Port
33%
SofiaM1 | M4Сливница/
Slivnitsa
33%
(western branch) | District
(northwestern branch)
Ealing Broadway
33%
Northern
(northwestern branch)
Edgware
33%
Edgware Road
33%
Elephant and Castle
33%
Élisabeth
33%
(northern branch)Epping
33%
Ligne 5Érasme/Erasmus
33%
M5Eroilor
33%
U6Floridsdorf
33%
Gara de Nord
33%
Gein
33%
(terminus of the eastern loop)Hainault
33%
LondonBakerlooHarrow and Wealdstone
33%
(southwestern branch - 2) | (terminus of the western loop)Heathrow Terminal 4
33%
(southwestern branch - 1) | (western branch)Heathrow Terminal 5
33%
Hermannstraße
33%
M2
(Obolonsko-Teremkivska)
Героїв Дніпра/Heroiv Dnipra
33%
Herrmann-Debroux
33%
(northeastern branch)High Barnet
33%
Hönow
33%
Hospital del Henares
33%
Innsbrucker Platz
33%
Amsterdam50 | 51Isolatorweg
33%
Kabaty
33%
M4Kadıköy
33%
U2Karlsplatz
33%
M4Kelenföld vasútállomás/
Kelenföld station/
Kelenföld
33%
Keleti pályaudvar/
Eastern Station
33%
(very short branch)Kensington (Olympia)
33%
M3Kőbánya-Kispest
33%
København H/
Københavns Hovedbanegård/
Copenhagen Central Station
33%
Københavns Lufthavn/
Copenhagen Airport/
Copenhagen International
33%
BLaurentina
33%
M6Levent
33%
M7Mahmutbey
33%
BudapestM1Mexikói út/
Mexico Avenue
33%
(very short branch)Mill Hill East
33%
WarsawM1Młociny
33%
(southern branch)Morden
33%
52Noord
33%
M9Olimpiyat
33%
Ópera
33%
M4Orientkaj
33%
Örs vezér tere/
Square of Chief Örs
33%
U9Osloer Straße
33%
2Østerås
33%
U3Ottakring
33%
(western terminus, only for the
northeastern branch)
Paddington
33%
Madrid1Pinar de Chamartín
33%
RPríncipe Pío
33%
Puerta del Sur
33%
U7Rathaus Spandau
33%
Rathaus Steglitz
33%
(2nde branche)Râul Doamnei
33%
Летиrще София/
Letišče Sofiya/
Letišče Sofia/
Sofia Airport/
Sofia International
33%
Elizabeth
(western branch)
Reading
33%
(southwestern branch)Richmond
33%
5
(Koltsevaya)
| 6 | 12 | M3
Ring
33%
Ligne 6Roi Baudoin/Koning Boudewijn
33%
Rudow
33%
U2Ruhleben
33%
Sabiha Gökçen Havalimanı/
Sabiha Gökçen/
Gökçen Airport/
Gökçen International
33%
CSan Giovanni
33%
(northeastern branch)Shenfield
33%
Simmering
33%
Ligne 2Simonis
33%
JubileeStanmore
33%
Stockel/Stokkel
33%
(northern branch - 1)Stratford
33%
(northern branch - 2)Stratford International
33%
M3
(Syrets'ko-Petchers'ka)
Сирець/Syrets
33%
Újpest-Központ/
Újpest-Centre/
Újpest-Center/
Újpest
33%
(eastern branch)Upminster
33%
M5Üsküdar
33%
(western branch - 4) | Piccadilly
(northwestern branch)
Uxbridge
33%
(1ère branche)Valea Ialomiței
33%
CopenhagenM1 | M2Vanløse
33%
4Vestli
33%
Villaverde Alto
33%
Vörösmarty tér/
Vörösmarty Square
33%
VictoriaWalthamstow Central
33%
(western branch - 3)Watford
33%
Central
(northwestern branch)
West Ruislip
33%
U8Wittenau
33%
(southeastern branch)Woolwich Arsenal
33%
IstanbulM1 | M2Yenikapı
33%
BZličín
33%
Zuid
33%
Linha do Oriente
(Orient line)
(red)
Aeroporto/
Airport
0%
Aeropuerto T4
0%
T11Akalla
0%
T17Åkeshov
0%
Alameda de Osuna
0%
T18Alvik
0%
Anagnina
0%
Anghel Saligny
0%
Arganda del Rey
0%
4Argüelles
0%
Başakşehir Metrokent/
Başakşehir
0%
RomeABattistini
0%
(eastern branch)Beckton
0%
Berceni
0%
(1 - limited service)Bergkrystallen
0%
Cais do Sodré
0%
5Casa de Campo
0%
Çekmeköy
0%
Червоний Хутір/Chervonyi Khutir/
Chervony Khutir
0%
2Cuatro Caminos
0%
Depo Hostivař
0%
4
(Filiovskaya)
Александровский Сад/
Aleksandrovskiy Sad/
Aleksandrovski Sad/
Aleksandrovsky Sad
0%
Алма-Атинская/
Alma-Atinskaya
0%
9
(Serpukhovsko-Timiriazevskaya)
Алтуфьево/
Altufyevo
0%
Γραμμη 2Ανθούπολη/
Anthoupoli
0%
Бизнес Парк/
Biznes Park/
Business Park
0%
Булвар Дмитрия Донского/
Bulvar Dmitriya Donskogo/
Dmitria Donskogo Boulevard/
Dimitri Donskoy Boulevard
0%
Бунинская Аллея/
Buninskaya Alleya/
Buninskaya Aleya
0%
(Section 8A)Деловой Центр/
Delovoy Tsentr/
Delovoy Center/
Delovoy Centre
0%
Minsk1
(Maskowskaya)
Малінаўка
Malinaŭka/
Malinawka
0%
Ελληνικό/
Elliniko
0%
Горна баня/
Gorna banya
0%
M3Хаджи Димитър/
Hadji Dimitǎr/
Hadzhi Dimitar
0%
Каховская/
Kakhovskaya
0%
2
(Awtazavodskaya)
Каменная Горка/
Kamiennaja Horka/
Kamyennaya Horka
0%
Кавальская Слабада/
Kavaĺskaja Slabada/
Kavalskaya Slabada
0%
2
(Zamoskvoretskaya)
Ховрино/
Khovrino
0%
Коммунарка/
Kommunarka
0%
Котельники/
Kotelniki
0%
Кунцевская/
Kuntsevskaya
0%
6
(Kaluzhsko-Rizhskaya)
Медведково/
Medvedkovo
0%
(Terminus branch 4A)Международная/
Mezhdunarodnaya
0%
Новокосино/
Novokosino
0%
Новоясеневская/
Novoyasenevskaya
0%
M2Обеля/
Obelya
0%
7
(Tagansko-Krasnopresnenskaya)
Планерная/
Planernaya
0%
3
(Arbatsko-Pokrovskaya)
Пятнитское Шоссе/
Pyatnitskoe Shosse/
Pyatnitskoye Shosse
0%
Рассказовка/
Rasskazovska
0%
11
(Bolshaya Koltsevaya)
Савёловская/
Saviolovskaya
0%
Щёлковская/
Schyolkovskaya/
Ščiolkovskaya
0%
10
(Liublinsko-Dmitrovskaya)
Селигерская/
Seligerskaya
0%
8
(Kalininsko-Solntevskaya)
Третьяковская/
Tretyakovskaya
0%
Уручча/
Uručča/
Urutcha
0%
Витоша/
Vitosha
0%
Зябликово/
Zyablikovo/
Ziablikovo
0%
BucarestM1Dristor
0%
Ellingsrudåsen
0%
Farsta Strand
0%
Oslo1Frognerseteren
0%
Fruängen
0%
Gaasperplas
0%
BrusselsLigne 1Gare de l'Ouest/Weststation
0%
Hacıosman
0%
T19Hagsätra
0%
Háje
0%
Heiligenstadt
0%
Helsfyr
0%
StockholmT10Hjusta
0%
10Hospital Infanta Sofía
0%
U4Hütteldorf
0%
(branch B1)Jonio
0%
Branch M1BKirazlı Bağcilar/
Kirazlı
0%
M3Kirazlı Bağcilar/
Kirazlı
0%
3Kolsås
0%
Kungsträdgården
0%
M4Lac Strǎulești
0%
La Fortuna
0%
Las Rosas
0%
ViennaU1Leopoldau
0%
CLetňany
0%
(southern branch)Lewisham
0%
Лісова/Lisova
0%
HelsinkiM1Matinkylä/
Mattby
0%
Mellunmäki/
Mellungsbacka
0%
3Moncloa
0%
Montecompatri Pantano
0%
T14Mörby Centrum
0%
Mortensrud
0%
PragueANemocnice Motol
0%
Norsborg
0%
8Nuevos Ministerios
0%
Oberlaa
0%
Linha do Girassol
(Sunflower line)
(yellow)
Odivelas
0%
9Paco de Lucia
0%
Pantelimon
0%
M2Pipera
0%
7Pitis
0%
11Plaza Eliptica
0%
M3Preciziei
0%
(branch B)Rabibbia
0%
Rato
0%
LisbonLinha da Gaivota
(Seagull line)
(blue)
Reboleira
0%
T13Ropsten
0%
M2 (branch)Sanayi Mahallesi/
Sanayi
0%
Santa Apolónia
0%
São Sebastião
0%
Seestadt
0%
Seyrantepe
0%
Siebenhirten
0%
Şişli Mecidiyeköy
0%
Skarpnäck
0%
5Sognsvann
0%
M2Tapiola/
Hagalund
0%
Linha da Caravela
(Caravel line)
(green)
Telheiras
0%
Теремки/Teremky
0%
(western branch - 2)Tower Gateway
0%
Valdecarros
0%
Vestamager
0%
Vuosaari/
Nordjö
0%
(southern branch)Wimbledon
0%

Score Distribution

Percentile by Number Answered

Percent of People with Each Score

Your Score History

You have not taken this quiz